IV Trobada d'Estudiosos del Garraf : comunicacions presentades el dia 21 de novembre del 2002 a Vilanova i la Geltrú / coordinació [de] Jordi Hernández i Josep Melero comunicacions presentades el dia 21 de novembre del 2002 a Vilanova i la Geltrú / coordinació [de] Jordi Hernández i Josep Melero

ISBN: 84-7794-971-9
Descripció física: 228 p. ; 30 cm
Col·lecció: Monografies ; 37

MARC

LEADER 00000nam a2200000Ia 4500
001 16084
008 160829s2004 xx 000 0 cat d
020 |a 84-7794-971-9 
080 |a C-2-334 
111 2 |a Trobada d'Estudiosos del Garraf  |n (4a :  |d 2002 :  |c Vilanova i la Geltrú, Catalunya)  |9 55752 
245 |a IV Trobada d'Estudiosos del Garraf :  |b  comunicacions presentades el dia 21 de novembre del 2002 a Vilanova i la Geltrú / coordinació [de] Jordi Hernández i Josep Melero 
260 |a Barcelona :  |b Diputació de Barcelona. Àrea d'Espais Naturals :  |b Xarxa de Parcs Naturals,  |c 2004 
300 |a 228 p. ;  |c 30 cm 
490 |a Monografies ; 37 
650 |a Garraf  |x Congressos  |9 48663 
700 1 |a Hernández, Jordi,  |d 1958-  |e coordinador  |9 39627 
700 |a Melero, Josep  |e coordinador  |9 34446 
710 1 |a Barcelona (Catalunya : Província).  |b Xarxa de Parcs Naturals  |9 7250 
710 |a Barcelona (Catalunya : Província).  |b Àrea d'Espais Naturals  |9 9050 
901 |a Arxiu 
942 |n 1  |2 udc 
952 |0 0  |1 0  |4 0  |6 C2334  |7 1  |9 47021  |a Arxiu  |b Arxiu  |d 2016-12-01  |l 0  |o C-2-334  |p 16084  |r 2016-12-01 00:00:00  |w 2016-12-01  |y ARXIU 
999 |c 50814  |d 50814